|
|
|
|
| LEADER |
00000nam0a2200000 4500 |
| 001 |
18679 |
| 005 |
20231030191346.0 |
| 010 |
|
|
|a 5250005136
|
| 035 |
|
|
|a (RuTPU)RU\TPU\book\18829
|
| 035 |
|
|
|a BOOK00000038
|
| 090 |
|
|
|a 18679
|
| 100 |
|
|
|a 20011209d1990 km y0rusy50 ca
|
| 101 |
0 |
|
|a rus
|
| 102 |
|
|
|a RU
|
| 105 |
|
|
|a y eg 000zy
|
| 200 |
1 |
|
|a Кто есть кто в мировой политике
|d Who`s who
|e справочник
|f гл. ред. Л. П. Кравченко
|
| 210 |
|
|
|a Москва
|c Политиздат
|d 1990
|
| 215 |
|
|
|a 559 с.
|
| 510 |
1 |
|
|a Who`s who
|z eng
|
| 610 |
1 |
|
|a политика
|
| 610 |
1 |
|
|a международные отношения
|
| 610 |
1 |
|
|a персоналии
|
| 610 |
1 |
|
|a справочники
|
| 610 |
1 |
|
|a биографические словари
|
| 686 |
|
|
|a Ф4(0)я2
|v LBC/SL-A
|2 rubbk
|
| 702 |
|
1 |
|a Кравченко
|b Л. П.
|4 651
|
| 801 |
|
0 |
|a RU
|b 63413507
|c 20011209
|g PSBO
|
| 801 |
|
2 |
|a RU
|b 63413507
|c 20201116
|g PSBO
|
| 942 |
|
|
|c BK
|